000 00327cam a2200133ua 4500
041 _aeng
_h
100 _aMinhas , P.S .
245 _aHow to reclaim salt affected soils /
_cP.S Minhas.
_hTextual Documents
260 _a :
_bDirectorate Extn ,
_c2003.
300 _a ; .
504 _a
942 _cBK
999 _c13010
_d13010